| 000 | 01245 a2200289 4500 | ||
|---|---|---|---|
| 001 | 23981 | ||
| 005 | 20260407155526.0 | ||
| 008 | 260407a1993 arg spa d | ||
| 003 | AR-UNSa-BCEJYS | ||
| 040 |
_aAR-UNSa-BCEJYS _bspa _cAR-UNSa-BCEJYS |
||
| 080 |
_a658.15 _xAdministración financiera privada. Gestión financiera de empresas |
||
| 245 | 1 | 0 | _aFundamentos de financiación empresarial |
| 020 | _a84-481-0069-7 | ||
| 250 | _a4a. ed | ||
| 264 | 1 |
_aMadrid : _bMcGraw-Hill _c1993 |
|
| 300 |
_axxvii, 1205 p. _c24 cm. |
||
| 505 | _a1. El valor - 2. Riego - 3. Problemas practicos en la elaboración de presupuestos de capital - 4. Decisiones de finaciación y eficiencia del mercado - 5. Politica de dividendos y estructura de capital - 6. Opciones - 7. Finaciación por deuda - 8. Planificación financiera - 9. Decisiones financieras a corto plazo - 10. Fusiones, finanzas internacionales y pensiones - 11. Conclusiones. | ||
| 041 | _aspa | ||
| 942 | _cBK | ||
| 590 | _aniveau_biblio:m niveau_hierar:0 | ||
| 100 | 1 | _aBrealey, Richard A. | |
| 700 | 1 | _aMyers, Stewart C. | |
| 700 | 1 | _aEspitia Escuder, Manuel | |
| 700 | 1 | _aJimenez Martinez, Julio | |
| 700 | 1 | _aLamothe, Porsper | |
| 700 | 1 | _aAnsotegui Alcoz, Maria del Camen | |
| 999 |
_c1151 _d1151 |
||